| 000 | 00414nam a22001457a 4500 | ||
|---|---|---|---|
| 082 |
_a531.1 _bHAL _cL-5, P-6 |
||
| 100 |
_aHalfman, Robert L _939848 |
||
| 245 |
_aDynamics _cRobert L. Halfman |
||
| 260 |
_aLondon _bAddison-Wesley Publishing Company, Inc _c1962 |
||
| 300 | _aix, 379.p: | ||
| 526 |
_a0 _b0 _c0 _d531_100000000000000_HAL |
||
| 650 |
_aMCE _9379 |
||
| 700 |
_aRobert L. Halfman _939849 |
||
| 942 |
_2ddc _cBK |
||
| 999 |
_c544268 _d544268 |
||